000 00867nam a2200217Ii 4500
003 JO-AjNU
008 230605s9999||||xx |||||||||||||| ||und||
017 _a2685/7/2012
040 _aJO-AjNU
_bara
_erda
_cJO-AjNU
041 _aara
050 1 4 _aLC4015.K574 2013
100 3 _aة/Kirk،Samuelمؤلف/Gallagher،James J م.مشارك/Anastaiow،Nick م.مشارك/Coleman،Mary Ruth م.مشارك/محمود،أماني محمد وليد مترجمة,
_eauthor
_943023
245 0 0 _aتعليم الأطفال ذوي الحاجات الخاصة=Educating Exceptioal Children
250 _aط1
264 3 1 _aعمان:دار الفكر،2013
300 _a632ص
336 _atext
_btxt
_2rdacontent
337 _aunmediated
_bn
_2rdamedia
338 _avolume
_bnc
_2rdacarrier
650 4 _aعلم نفس تربوي. أطفال معوقون-تقييم.
_943024
999 _aA18466
_c22034
_d22034